000 00485nam a2200193Ia 4500
003 OSt
005 20251209191120.0
008 210423s2005 xx 000 0 und d
040 _cAL
041 _aEnglish
082 _a418
_bREAA
100 _aJohn Read
_978632
245 _aAssessing vocabulary
260 _aNew Delhi
_bCambridge University Press
_c2005
300 _axiv,279p.
_bPB
_c23x15cm.
365 _b1630
_cINR
906 _aAssessing ; vocabulary.
942 _2ddc
_cBK
999 _c156150
_d156150